000 00216nam a2200097Ia 4500
008 170619s9999 xx 000 0 und d
100 _aSchiesser- Rich
245 0 _aIT SYSTEMS MANAGEMENT
260 _bP H I
260 _c2008
546 _aENGLISH
999 _c18814
_d18814